Statistics for Countries Closest to Benin - 15 Second Sprint

Click here to take the quiz!

General Stats

  • This quiz has been taken 36 times
  • The average score is 6 of 20

Answer Stats

kmcountrymiles% Correct
0Togo0
85%
43Ghana27
80%
0Niger0
70%
0Nigeria0
65%
315Côte d'Ivoire195
50%
0Burkina Faso0
35%
326Mali202
35%
947Guinea589
25%
1340Senegal832
25%
668Cameroon415
20%
1261Congo783
20%
997Liberia620
20%
1291Central African Republic802
15%
1114Chad692
10%
969Gabon602
10%
857Mauritania532
10%
735São Tomé and Príncipe457
10%
1232Sierra Leone765
10%
733Algeria456
0%
720Equatorial Guinea447
0%

Score Distribution

Percentile by Number Answered

Percent of People with Each Score

Your Score History

You have not taken this quiz